00633nam a2200193Ia 450000500170000000800410001702000160005804000190007404100120009308200160010510000140012124500550013526000340019030000370022450400850026165000150034665100680036185000100042920220801115304.0131103s9999 xx 000 0 und d a033314892 4 aLoreto College aEnglish a551.48bWAR aWard, Roy aFloodsb a geographical perspective cby Roy Ward aLondonbMacmillan Pressc1978 axii, 244 p.b ill., fig., plates aIncludes bibliographical references, index, simplified metric, conversion tables aGeology -  aGeology - Geomorphology and hydrosphere - Hydrology - Floods -  aLCLIB